000 00396nam a2200133Ia 4500
005 20260328101444.0
008 260328s9999||||xx |||||||||||||| ||und||
100 _aForero Suárez, Fabio Enrique
245 0 _aLas Urbanizacones pre-Modernas y Modernas en Bogotá /
_cFabio Enrique Forero Suárez
260 _bUniversidad La Gran Colombia
300 _a243 p.
650 _aURBANISMO
942 _cBK
999 _c8411
_d8411